Những bài giảng về tác gia văn học Việt Nam hiện đại

.

Tallennettuna:
Bibliografiset tiedot
Päätekijä: Nguyễn Đăng Mạnh
Aineistotyyppi: Kirja
Kieli:Vietnamese
Julkaistu: H. Đại học Sư phạm 2005
Aiheet:
Tagit: Lisää tagi
Ei tageja, Lisää ensimmäinen tagi!
Thư viện lưu trữ: Mạng thư viện Đại học Đà Nẵng
LEADER 01157nam a2200349 4500
001 000004313
003 447
005 20121211001215.0
008 110719s2005 viesd
020 |c 79000 
041 0 |a vie 
082 |a 895.92209  |b NG-M 
100 0 |a Nguyễn Đăng Mạnh 
245 0 |a Những bài giảng về tác gia văn học Việt Nam hiện đại  |c Nguyễn Đăng Mạnh 
260 |a H.  |b Đại học Sư phạm  |c 2005 
300 |a 615 tr  |c 24 cm 
520 |a . 
653 |a Văn hoc Việt Nam 
653 |a Lịch sử và phê bình 
653 |a Bài giảng 
653 |a Văn học hiện đại 
910 |a Nguyễn Thị Kim Oanh  |d 18/ 07/ 2011 
OWN |a LSP 
AVA |a UDN50  |b LSP  |d 895.92209 NG-M  |e check_holdings  |t Error 5003 Not defined in file expand_doc_bib_avail.  |h N  |k 1 
999 |a From the UDN01 
AVA |a UDN50  |b LSP  |d 895.92209 NG-M  |e available  |t Error 5001 Not defined in file expand_doc_bib_avail.  |f 30  |g 13  |h N  |i 136  |k 1 
TYP |a Monograph 
TYP |a Printed language 
980 |a Mạng thư viện Đại học Đà Nẵng